000 01285nam a22002297a 4500
003 DO-SdBNP
005 20221101132932.0
007 ta
008 211130b2018 dr ||||| |||| 00| f spa d
020 _a9789945614077
040 _aDO-SdBNP
_bspa
_cBNPHU
082 4 _222
100 1 _aUreña Bravo, Carlos,
_d1957-
_980785
245 1 0 _aUn despertar entre dos vidas /
_cCarlos Ureña Bravo
260 _a Santo Domingo :
_bSantuario,
_c2018.
300 _a111 p. ;
_c23 cm.
500 _aIncluye datos biográficos del autor en la solapa de la cubierta.
505 0 _aDedicatoria -- Presentación -- Prólogo -- Irreverencia y esoterismo -- Iras del Gateo -- Confusión y expreriencias Vividas -- Lic. Cruz hace solicitud -- Rompiendo Inhibiciones -- Las Medidas del Jefe de Pandilla -- Introspección y frustración -- A la prisión -- Acuerdo, entrevista y pesadilla -- Empieza hablar y experto investigador visita la cárcel -- El amor después del amor -- La contratación y las dos misiones -- La organización del mal -- EL poder menta -- Sintonía entre ambos -- Continúa las revelaciones -- Pasión y vida -- No somos dioses -- Como las pesadillas -- El despertar --
590 _aInventariado, 2021 /LP
910 _aLopérez.
942 _2ddc
_cLBS1
999 _c51076
_d51076